NBA Teams Highest Winning Record against a Single Team - Statistics

General Stats
  • This quiz has been taken 14 times
  • The average score is 20 of 30
Answer Stats
Teams All-Time Record Team Against % Correct
Atlanta Hawks (77-45) 63.1% Los Angeles Clippers
89%
Brooklyn Nets (48-43) 52.7% Los Angeles Clippers
89%
San Antonio Spurs (128-42) 75.3% Los Angeles Clippers
89%
Chicago Bulls (70-41) 63.1% Charlotte Hornets
78%
Los Angeles Clippers (32-25) 56.1% Charlotte Hornets
78%
Boston Celtics (88-42) 67.7% Los Angeles Clippers
78%
Washington Wizards (76-44) 63.3% Los Angeles Clippers
78%
New York Knicks (170-131) 56.5% Washington Wizards
78%
Philadelphia 76ers (181-122) 59.7% Washington Wizards
78%
Minnesota Timberwolves (33-24) 57.9% Brooklyn Nets
67%
Portland Trail Blazers (64-24) 72.7% Brooklyn Nets
67%
Houston Rockets (45-14) 76.3% Charlotte Hornets
67%
Utah Jazz (40-19) 67.8% Charlotte Hornets
67%
Detroit Pistons (72-45) 61.5% Los Angeles Clippers
67%
Cleveland Cavaliers (29-16) 64.4% Memphis Grizzlies
67%
Oklahoma City Thunder (62-27) 69.7% Memphis Grizzlies
67%
Charlotte Hornets (36-20) 64.3% Minnesota Timberwolves
67%
Golden State Warriors (37-20) 64.9% New Orleans Pelicans
67%
Milwaukee Bucks (88-58) 60.3% Sacramento Kings
67%
Phoenix Suns (29-16) 64.4% Toronto Raptors
67%
Sacramento Kings (26-19) 57.8% Toronto Raptors
67%
Memphis Grizzlies (24-21) 53.3% Washington Wizards
67%
Miami Heat (84-41) 67.2% Washington Wizards
67%
Los Angeles Lakers (64-25) 71.9% Brooklyn Nets
56%
Dallas Mavericks (65-29) 69.1% Memphis Grizzlies
56%
Denver Nuggets (59-36) 62.1% Milwaukee Bucks
56%
New Orleans Pelicans (26-11) 70.3% Milwaukee Bucks
56%
Indiana Pacers (37-21) 63.8% Minnesota Timberwolves
44%
Toronto Raptors (31-15) 67.4% Minnesota Timberwolves
44%
Orlando Magic (77-38) 67.0% Philadelphia 76ers
44%
No matching quizzes found
Score Distribution
Percent of People with Each Score
Percentile by Number Answered
Your Score History
You have not taken this quiz